| 000 | 01156cam a22002771i 4500 | ||
|---|---|---|---|
| 003 | SA-RiAUC | ||
| 005 | 20250715064619.0 | ||
| 008 | 250714s1989 su f b f000 0 ara c | ||
| 040 |
_aSA-RiNAUS _bara _cSA-RiAUC. _erda |
||
| 043 | _aa-su--- | ||
| 082 | 0 | 4 |
_a345.53102 _qSA-RiAUC |
| 090 |
_a345.53102 _bش ا ذ |
||
| 100 | 1 |
_aالشاذلي، فتوح عبد الله، _d1948- _eمؤلف. |
|
| 245 | 1 | 0 |
_aجرائم التعزير المنظمة في المملكة العربية السعودية / _cفتوح عبد الله الشاذلي. |
| 250 | _aالطبعة الأولى. | ||
| 264 | 1 |
_aالرياض : _bجامعة الملك عبد العزيز، _c1989 |
|
| 300 |
_a422 صفحة ؛ _c24 سم |
||
| 336 |
_aنص _btxt _2rdacontent _3كتاب |
||
| 337 |
_aبدون وسيط _bn _2rdamedia |
||
| 338 |
_aمجلد _bnc _2rdacarrier |
||
| 504 | _aيشتمل على إرجاعات ببليوجرافية. | ||
| 650 | 7 |
_aالجريمة والمجرمون _xقوانين وتشريعات _zالسعودية _2aucsh |
|
| 650 | 7 |
_aالتعزير (فقه إسلامي) _2aucsh |
|
| 942 |
_2ddc _cBOOK _n0 |
||
| 949 |
_aSA-JeALM _d250714 _umohamedma123 _n1 |
||
| 999 |
_c9936 _d9936 |
||